[Event "EVERY START/ EVERY VARIANT- Numero XIII- SS"]
[Site "SchemingMind.com"]
[Date "2017.06.18"]
[Round "-"]
[White "maro"]
[Black "DANDYLIONHONEYBADGER"]
[Result "1-0"]
[WhiteCountry "MEX"]
[BlackCountry "USA"]
[WhiteElo "1397"]
[WhiteRD "69"]
[BlackElo "1245"]
[BlackRD "99"]
[GameID "415073"]

1. e4 c5 2. b3 e5 3. Nf3 Bd6 4. Bc4 h6 5. O-O h5 6. Bb2 Nh6 7. Nc3 Ng4 8. d3 Nc6 9. Bc1 h4 10. Ng5 Nf6
11. Nxf7 Qe7 12. Nxh8
1-0

[Event "EVERY START/ EVERY VARIANT- Numero XIII- SS"]
[Site "SchemingMind.com"]
[Date "2017.06.18"]
[Round "-"]
[White "DANDYLIONHONEYBADGER"]
[Black "maro"]
[Result "0-1"]
[WhiteCountry "USA"]
[BlackCountry "MEX"]
[WhiteElo "1239"]
[WhiteRD "81"]
[BlackElo "1372"]
[BlackRD "69"]
[GameID "415074"]

1. e4 c5 2. b3 d5 3. exd5 Qxd5 4. f3 e5 5. Bc4 Qd7 6. Ne2 Be7 7. Nbc3 Nf6 8. Nd5 Nxd5 9. Rg1 Bh4+ 10. g3 Bg5
11. h4 Be7 12. Ba3 b5 13. Bxd5 Qxd5 14. Nc3 Qd4 15. Kf1 Bh3+ 16. Ke1 Qxg1+ 17. Ke2 Qxg3 18. Ne4 Qh2+ 19. Nf2 e4 20. Qh1 exf3+
21. Qxf3 h5 22. Rh1 Qe5+ 23. Ne4 Bg4
0-1

[Event "EVERY START/ EVERY VARIANT- Numero XIII- SS"]
[Site "SchemingMind.com"]
[Date "2017.06.15"]
[Round "-"]
[White "maro"]
[Black "ray winteringham"]
[Result "1-0"]
[WhiteCountry "MEX"]
[BlackCountry "ENG"]
[WhiteElo "1347"]
[WhiteRD "72"]
[BlackElo "1456"]
[BlackRD "51"]
[GameID "415076"]

1. e4 c5 2. b3 Nc6 3. Nf3 g6 4. Bc4 Bg7 5. c3 e6 6. O-O Nge7 7. Ba3 b6 8. d4 Bb7 9. d5 Nb8 10. dxe6 fxe6
11. e5 Bxf3 12. Qxf3 Bxe5 13. Qxa8 Qc7 14. Qf3 Bxh2+ 15. Kh1 Rf8 16. Qh3 Be5 17. Bc1 Kd8 18. Bh6 Rf7 19. Nd2 Rf5 20. Kg1 Rh5
21. Qf3 Nf5 22. Be3 Nxe3 23. Qf8#
1-0

[Event "EVERY START/ EVERY VARIANT- Numero XIII- SS"]
[Site "SchemingMind.com"]
[Date "2017.06.15"]
[Round "-"]
[White "ray winteringham"]
[Black "maro"]
[Result "0-1"]
[WhiteCountry "ENG"]
[BlackCountry "MEX"]
[WhiteElo "1456"]
[WhiteRD "51"]
[BlackElo "1347"]
[BlackRD "72"]
[GameID "415077"]

1. e4 c5 2. b3 e6 3. Bb2 Nc6 4. Be2 Nf6 5. d3 Be7 6. Nf3 O-O 7. Nc3 d5 8. exd5 exd5 9. Qd2 d4 10. Ne4 Nxe4
11. dxe4 h6 12. h3 Qc7 13. O-O-O Nb4 14. c3 dxc3 15. Qxc3 Nxa2+ 16. Kc2 Nxc3 17. Bxc3 Be6 18. Rd2 Qb6 19. Rb1 Qc6 20. Bd3 c4
21. bxc4 Bxc4 22. Bxc4 Qxe4+ 23. Bd3 Qa4+ 24. Kc1 Ba3+ 25. Bb2 Rac8+ 26. Bc2 Bb4 27. Kd1 Qa6 28. Bd3 Qe6 29. Re2 Qb3+ 30. Bc2 Rfd8+
31. Nd2 Qxc2+ 32. Ke1 Qxb1+
0-1

[Event "EVERY START/ EVERY VARIANT- Numero XIII- SS"]
[Site "SchemingMind.com"]
[Date "2017.06.18"]
[Round "-"]
[White "ray winteringham"]
[Black "DANDYLIONHONEYBADGER"]
[Result "1-0"]
[WhiteCountry "ENG"]
[BlackCountry "USA"]
[WhiteElo "1490"]
[WhiteRD "53"]
[BlackElo "1239"]
[BlackRD "81"]
[GameID "415078"]

1. e4 c5 2. b3 e5 3. Bb2 Bd6 4. g3 Nf6 5. Bg2 Nc6 6. d3 b6 7. Ne2 O-O 8. O-O Nd4 9. Nd2 Ne6 10. c3 Ng5
11. c4 Bb7 12. h4 Ne6 13. Kh1 Qe7 14. f3 a5 15. a4 Nd4 16. Re1 Nxe2 17. Qxe2 Nh5 18. Nf1 Rae8 19. Qf2 g5 20. hxg5 Qxg5
21. Nh2 Nxg3+ 22. Kg1 f5 23. Bc1 f4 24. Ng4 Kg7 25. Nh2 h5 26. Ra2 Rg8 27. Nf1 h4 28. Kh2 Kh8 29. Kh3 Qh6 30. Nh2 Be7
31. Bb2 d6 32. Ng4 Qg5 33. Bc3 Bc8 34. Kh2 Qh5 35. Bh3 Ref8 36. Rg1 Rg7 37. Rg2 Rfg8 38. Ra1 Bxg4 39. fxg4 Rxg4 40. Bxg4 Rxg4
41. Kh3 Bg5 42. Rag1 Qf7 43. Qf3 Qe6 44. Qxg4
1-0

[Event "EVERY START/ EVERY VARIANT- Numero XIII- SS"]
[Site "SchemingMind.com"]
[Date "2017.06.18"]
[Round "-"]
[White "DANDYLIONHONEYBADGER"]
[Black "ray winteringham"]
[Result "1-0"]
[WhiteCountry "USA"]
[BlackCountry "ENG"]
[WhiteElo "1239"]
[WhiteRD "81"]
[BlackElo "1490"]
[BlackRD "53"]
[GameID "415079"]

1. e4 c5 2. b3 Nc6 3. c3 d6 4. Nf3 g6 5. Bb2 Bg7 6. a3 e5 7. b4 b6 8. b5 Nce7 9. c4 Bb7 10. Bd3 Nf6
11. Nc3 O-O 12. O-O h5 13. a4 a6 14. bxa6 Bxa6 15. Ng5 Nh7 16. Nxh7 Kxh7 17. Ra3 f5 18. exf5 Nxf5 19. g4 Qg5 20. Ne4 Qxg4+
21. Qxg4 hxg4 22. Ng5+ Kg8 23. Ne6 Rf6 24. Nxg7 Kxg7 25. Bc3 Nh4 26. Be2 Bb7 27. Bxg4 Raf8 28. a5 bxa5 29. Rxa5 Rf4 30. f3 Rxc4
31. Ra7 Rf7 32. Be6 Nxf3+ 33. Rxf3 Bxf3 34. Rxf7+ Kh6 35. Bxc4
1-0

[Event "EVERY START/ EVERY VARIANT- Numero XIII- SS"]
[Site "SchemingMind.com"]
[Date "2017.06.18"]
[Round "-"]
[White "surfnsuds"]
[Black "maro"]
[Result "0-1"]
[WhiteCountry "USA"]
[BlackCountry "MEX"]
[WhiteElo "1404"]
[WhiteRD "76"]
[BlackElo "1397"]
[BlackRD "69"]
[GameID "415100"]

1. e4 c5 2. b3 d6 3. Nf3 g6 4. Bb2 Nf6 5. Bd3 Bg7 6. O-O O-O 7. Nc3 Nc6 8. Qe2 a6 9. Ng5 Nd4 10. Qe3 h6
11. Nf3 Ng4 12. Qf4 g5 13. Qg3 d5 14. exd5 e5 15. Rae1 f5 16. Nxd4 cxd4 17. Ne2 f4 18. Qf3 b5 19. a4 Nf6 20. c4 Bg4
21. Bh7+ Kxh7 22. Qd3+ Kg8 23. h3 Bh5 24. Rc1 e4 25. Qxd4 Bxe2 26. Rfe1 Bh5 27. cxb5 Rf7 28. b6 Nxd5 29. Rc6 Bxd4 30. Bxd4 Rc8
31. Rxh6 Rh7 32. Re6 Nb4 33. a5 Qxd4 34. R1xe4 Qxd2 35. f3 Rc2
0-1

[Event "EVERY START/ EVERY VARIANT- Numero XIII- SS"]
[Site "SchemingMind.com"]
[Date "2017.06.15"]
[Round "-"]
[White "maro"]
[Black "surfnsuds"]
[Result "0-1"]
[WhiteCountry "MEX"]
[BlackCountry "USA"]
[WhiteElo "1347"]
[WhiteRD "72"]
[BlackElo "1392"]
[BlackRD "77"]
[GameID "415101"]

1. e4 c5 2. b3 d6 3. Nf3 e6 4. d4 Nf6 5. Bb5+ Bd7 6. Qd3 a6 7. Bxd7+ Nbxd7 8. O-O Be7 9. Nc3 cxd4 10. Nxd4 Rc8
11. Bb2 Ne5 12. f4 Nxd3 13. Ba3 Rxc3
0-1

[Event "EVERY START/ EVERY VARIANT- Numero XIII- SS"]
[Site "SchemingMind.com"]
[Date "2017.06.18"]
[Round "-"]
[White "surfnsuds"]
[Black "ray winteringham"]
[Result "0-1"]
[WhiteCountry "USA"]
[BlackCountry "ENG"]
[WhiteElo "1401"]
[WhiteRD "76"]
[BlackElo "1481"]
[BlackRD "52"]
[GameID "415102"]

1. e4 c5 2. b3 Nc6 3. Nf3 d6 4. Nc3 e5 5. Bb5 Bd7 6. Qe2 Be7 7. d4 cxd4 8. Nd5 Nf6 9. Bg5 Nxd5 10. Bxe7 Ndxe7
11. Ng5 O-O 12. Bc4 h6 13. Nxf7 Rxf7 14. Qf3 Qf8 15. Bxf7+ Qxf7 16. Qg3 Nb4 17. O-O Nxc2 18. Rac1 Nb4 19. Rc7 Bc6 20. Qg4 Nxa2
21. f3 Rc8 22. Rxc8+ Nxc8 23. Qxc8+ Qe8 24. Qxe8+ Bxe8 25. Ra1 Nc3 26. Rxa7 b5 27. Ra8 Kf8 28. g3 d3 29. Rc8 d2 30. Rxc3 d1=Q+
31. Kg2 Qd2+ 32. Kh3 Qxc3
0-1

[Event "EVERY START/ EVERY VARIANT- Numero XIII- SS"]
[Site "SchemingMind.com"]
[Date "2017.06.14"]
[Round "-"]
[White "ray winteringham"]
[Black "surfnsuds"]
[Result "0-1"]
[WhiteCountry "ENG"]
[BlackCountry "USA"]
[WhiteElo "1481"]
[WhiteRD "52"]
[BlackElo "1401"]
[BlackRD "76"]
[GameID "415103"]

1. e4 c5 2. b3 d6 3. Bb2 Nf6 4. d3 Nc6 5. Be2 h5 6. h4 Bg4 7. g3 Nd4 8. Bxd4 cxd4 9. Nf3 Qb6 10. O-O e5
11. c3 Rc8 12. c4 Qb4 13. Qd2 Qxd2 14. Nbxd2 Rc5 15. b4 Bxf3 16. Nxf3 Rc6 17. b5 Rb6 18. a4 a5 19. Nh2 g6 20. f4 Bh6
21. fxe5 dxe5 22. Rf2 Ke7 23. Nf3 Ng4 24. Rff1 Rf6 25. c5 Rc8 26. c6 bxc6 27. bxc6 Rcxc6 28. Rab1 Rc2 29. Bd1 Be3+ 30. Kh1 Nf2+
31. Rxf2 Rxf2 32. Ra1 Rf1+ 33. Kg2 Rf2+ 34. Kh1 R6xf3 35. Bxf3 Rxf3 36. Kg2 Rf6 37. Rb1 Rc6 38. Rb3 Rc3 39. Rb5 Rxd3 40. Rxa5 Ra3
41. Kf1 d3 42. Rxe5+ Kf8 43. Rd5 Ra1+ 44. Kg2 d2 45. Kf3 d1=Q+
0-1

[Event "EVERY START/ EVERY VARIANT- Numero XIII- SS"]
[Site "SchemingMind.com"]
[Date "2017.06.18"]
[Round "-"]
[White "surfnsuds"]
[Black "DANDYLIONHONEYBADGER"]
[Result "0-1"]
[WhiteCountry "USA"]
[BlackCountry "USA"]
[WhiteElo "1383"]
[WhiteRD "79"]
[BlackElo "1239"]
[BlackRD "81"]
[GameID "415104"]

1. e4 c5 2. b3 e5 3. Nf3 f6 4. Bb5 a6 5. Bc4 Ne7 6. Nc3 b5 7. Bd3 g5 8. O-O d6 9. Nd5 Nxd5 10. exd5 g4
11. Nh4 Bd7 12. Bf5 Bxf5 13. Nxf5 Rg8 14. c4 Rg5 15. Ne3 h5 16. h3 gxh3 17. Qf3 f5 18. Nxf5 hxg2 19. Re1 Rg4 20. Qh3 Qg5
21. Nxd6+ Bxd6 22. d3 Qg6 23. Re4 Rxe4 24. dxe4 Nd7 25. Qxg2 Qxg2+ 26. Kxg2 bxc4 27. bxc4 Rb8 28. Bg5 Rb2 29. Kg3 Nb6 30. Kh4 Rxf2
31. Kxh5 Nxc4 32. a4 Rh2+ 33. Kg6 Rg2 34. Rc1 Be7 35. Rxc4 Rxg5+ 36. Kh6 Rg4 37. Kh5 Rg5+ 38. Kh4 a5 39. Rxc5 Bxc5 40. Kxg5 Bd6
41. Kf5 Kd7 42. Kf6 Bb8 43. Kf5 Kd6 44. Kg4 Kc5 45. Kf3 Kb4
0-1

[Event "EVERY START/ EVERY VARIANT- Numero XIII- SS"]
[Site "SchemingMind.com"]
[Date "2017.06.18"]
[Round "-"]
[White "DANDYLIONHONEYBADGER"]
[Black "surfnsuds"]
[Result "1-0"]
[WhiteCountry "USA"]
[BlackCountry "USA"]
[WhiteElo "1269"]
[WhiteRD "81"]
[BlackElo "1360"]
[BlackRD "84"]
[GameID "415105"]

1. e4 c5 2. b3 d6 3. Bb5+ Bd7 4. Bxd7+ Nxd7 5. Nf3 Ngf6 6. Bb2 Nxe4 7. O-O e6 8. d3 Nef6 9. h3 e5 10. Qe2 Be7
11. Re1 Qc7 12. c4 O-O 13. Nc3 a6 14. Nd1 Qc6 15. Ne3 b5 16. cxb5 Qxb5 17. Nd2 e4 18. a4 Qa5 19. Ndc4 Qb4 20. Nc2 Qxb3
21. dxe4 Nxe4 22. Qxe4 Rae8 23. Rab1 Qxa4 24. Ba3 Nf6 25. Qd3 Rb8 26. Rxb8 Rxb8 27. Rxe7 Re8 28. Rb7 Qc6 29. Rb1 Nd5 30. N2e3 Nf4
31. Qd2 d5 32. Na5 Qa8 33. Bxc5 Qc8 34. Nb7 Qb8 35. Bd6 Nxh3+ 36. Kf1 Qc8 37. gxh3 Qxh3+ 38. Ke2 Qh5+ 39. Ke1 Qh1+ 40. Ke2 Qxb1
41. Qxd5 Qc2+ 42. Kf3 Qg6 43. Nf5 Qh5+ 44. Kg3 Qg6+ 45. Kf4 Qf6 46. Be5 Qg6 47. Bxg7 h5 48. f3 h4 49. Nbd6 Re6 50. Nc8 h3
51. Nfe7+ Kxg7 52. Nxg6 Rxg6 53. Qd4+ f6 54. Qd7+ Kh6 55. Qxh3+ Kg7 56. Ne7 Rh6 57. Nf5+
1-0

[Event "EVERY START/ EVERY VARIANT- Numero XIII- SS"]
[Site "SchemingMind.com"]
[Date "2017.06.19"]
[Round "-"]
[White "surfnsuds"]
[Black "j4orce"]
[Result "0-1"]
[WhiteCountry "USA"]
[BlackCountry "USA"]
[WhiteElo "1392"]
[WhiteRD "77"]
[BlackElo "1646"]
[BlackRD "113"]
[GameID "415138"]

1. e4 c5 2. b3 e5 3. Bb5 a6 4. Bc4 Nf6 5. Nc3 Nc6 6. Nd5 Nxe4 7. Qf3 Ng5 8. Qg4 d6 9. Qg3 Nd4 10. Bd3 e4
11. Bxe4 Nxe4 12. Qd3 Bf5 13. Qe3 Nxc2+ 14. Ke2 Nxe3 15. Nxe3 Qf6 16. Rb1 Qe6 17. Bb2 d5 18. Nxf5 Ng3+ 19. Kd1 Qxf5 20. Rc1 Nxh1
21. f3 Nf2+ 22. Ke2 Nd3 23. Rc2 O-O-O 24. Kd1 Nf2+ 25. Kc1 Re8 26. Bd4 Qxc2+ 27. Kxc2 cxd4 28. d3 Re1 29. Nh3 Nxh3 30. gxh3 Bb4
0-1

[Event "EVERY START/ EVERY VARIANT- Numero XIII- SS"]
[Site "SchemingMind.com"]
[Date "2017.06.19"]
[Round "-"]
[White "j4orce"]
[Black "surfnsuds"]
[Result "1-0"]
[WhiteCountry "USA"]
[BlackCountry "USA"]
[WhiteElo "1646"]
[WhiteRD "113"]
[BlackElo "1392"]
[BlackRD "77"]
[GameID "415139"]

1. e4 c5 2. b3 Nc6 3. Bc4 Nf6 4. Nc3 e6 5. Nf3 d5 6. exd5 exd5 7. Be2 Be6 8. Bb5 Bd6 9. d4 Bg4 10. Qe2+ Be7
11. h3 Bf5 12. Ne5 O-O 13. Bxc6 bxc6 14. g4 Be4 15. Nxc6 Qd6 16. Nxe7+ Qxe7 17. f3 Rae8 18. fxe4 dxe4 19. Ba3 e3 20. Bxc5 Ne4
21. Bxe7 Rxe7 22. Nd5 Rd7 23. Qxe3 Re8 24. c4 Ng3 25. Qxe8#
1-0

[Event "EVERY START/ EVERY VARIANT- Numero XIII- SS"]
[Site "SchemingMind.com"]
[Date "2017.06.19"]
[Round "-"]
[White "maro"]
[Black "j4orce"]
[Result "1-0"]
[WhiteCountry "MEX"]
[BlackCountry "USA"]
[WhiteElo "1397"]
[WhiteRD "69"]
[BlackElo "1617"]
[BlackRD "109"]
[GameID "415140"]

1. e4 c5 2. b3 e5 3. Bb2 Nf6 4. Bxe5 Nxe4 5. Qe2 d5 6. d3 f6 7. Bf4 Bf5 8. dxe4 Qa5+ 9. Bd2 Qa6 10. exf5+ Qxe2+
11. Bxe2 Nc6 12. Nc3 O-O-O 13. Nb5 a6 14. Nc3 Nd4 15. O-O-O Nxe2+ 16. Ngxe2 g6 17. fxg6 hxg6 18. Nf4 d4 19. Ne4 f5 20. Nf6 g5
21. N4d5 Rd6 22. Bxg5 Bg7 23. Ne7+ Kd8 24. Nfd5 Kd7 25. c4 Be5 26. Nxf5 Re6 27. f4 Bd6 28. Nb6+ Kc7 29. Ng7 Rg6 30. Nf5 Kxb6
31. h4 Re8 32. Nxd6 Rxd6 33. f5 Re2 34. g4 Rxa2 35. f6 Rf2 36. Be3 Rfxf6 37. Bg5 Rg6 38. Kc2 Rde6 39. Bd8+ Ka7 40. g5 Re2+
41. Kc1 Rd6 42. Ba5 Re3 43. Bd2 Rxb3 44. h5 d3 45. Be3 Rc3+ 46. Kd2 Rc2+ 47. Ke1 Re2+ 48. Kf1 Rxe3 49. h6 Rd8 50. g6 Rf8+
51. Kg2 Rff3 52. h7 Rg3+ 53. Kf2 Ref3+ 54. Ke1 Rg2 55. Rd2 Rxg6 56. h8=Q Rb6 57. Rb2 Re3+ 58. Kf2 Rbe6 59. Rxb7+ Kxb7 60. Rb1+ Kc7
61. Qb8+
1-0

[Event "EVERY START/ EVERY VARIANT- Numero XIII- SS"]
[Site "SchemingMind.com"]
[Date "2017.06.19"]
[Round "-"]
[White "j4orce"]
[Black "maro"]
[Result "1-0"]
[WhiteCountry "USA"]
[BlackCountry "MEX"]
[WhiteElo "1617"]
[WhiteRD "109"]
[BlackElo "1397"]
[BlackRD "69"]
[GameID "415141"]

1. e4 c5 2. b3 d6 3. d4 g6 4. dxc5 Qa5+ 5. Qd2 Qxc5 6. Ba3 Qe5 7. Nc3 Bh6 8. Qd3 Bd7 9. Nf3 Qa5 10. Bb2 Nf6
11. a4 Nc6 12. Qb5 Qc7 13. Qc4 O-O 14. h3 Be6 15. Nb5 Qa5+ 16. Bc3 Qb6 17. Qd3 a6 18. Nbd4 Nb4 19. Bxb4 Qxb4+ 20. Kd1 Bd7
21. g4 Bf4 22. g5 Ng4 23. hxg4 Bxg4 24. Be2 e5 25. c3 Qb6 26. Nf5 Qxb3+ 27. Ke1 Kh8 28. Nh6 Bxf3 29. Bxf3 Rac8 30. Qxd6 Qxc3+
31. Kf1 Qxa1+ 32. Kg2 Qxh1+ 33. Kxh1 Bxg5 34. Qxe5+ f6 35. Qh2 Rc1+ 36. Kg2 f5 37. exf5 Rxf5 38. Qb8+ Kg7 39. Nxf5+ gxf5 40. Qxb7+ Kf6
41. Qxh7 Rc4 42. Qh8+ Ke6 43. Qg8+
1-0

[Event "EVERY START/ EVERY VARIANT- Numero XIII- SS"]
[Site "SchemingMind.com"]
[Date "2017.06.19"]
[Round "-"]
[White "ray winteringham"]
[Black "j4orce"]
[Result "0-1"]
[WhiteCountry "ENG"]
[BlackCountry "USA"]
[WhiteElo "1456"]
[WhiteRD "51"]
[BlackElo "1646"]
[BlackRD "113"]
[GameID "415142"]

1. e4 c5 2. b3 e5 3. Nf3 d6 4. h3 Nf6 5. Bb2 a6 6. Be2 Nxe4 7. O-O Nc6 8. Nc3 d5 9. a4 Ng5 10. Qc1 d4
11. Nd1 Bd6 12. d3 h6 13. Nxg5 hxg5 14. c3 g4 15. hxg4 Qh4 16. f3 e4 17. f4 Qh2+ 18. Kf2 Bxf4 19. Qc2 Bg3#
0-1

[Event "EVERY START/ EVERY VARIANT- Numero XIII- SS"]
[Site "SchemingMind.com"]
[Date "2017.06.19"]
[Round "-"]
[White "j4orce"]
[Black "ray winteringham"]
[Result "0-1"]
[WhiteCountry "USA"]
[BlackCountry "ENG"]
[WhiteElo "1646"]
[WhiteRD "113"]
[BlackElo "1456"]
[BlackRD "51"]
[GameID "415143"]

1. e4 c5 2. b3 Nc6 3. Nf3 d6 4. h3 e5 5. Bc4 h6 6. d3 Be7 7. Nc3 Nf6 8. g4 Nh7 9. a3 O-O 10. Rg1 Be6
11. Nd5 Rb8 12. b4 cxb4 13. axb4 Bxd5 14. Bxd5 Nxb4 15. g5 hxg5 16. h4 Nxd5 17. exd5 f6 18. Ra4 gxh4 19. Bh6 Ng5 20. Nxg5 fxg5
21. Qh5 Qe8 22. Qxe8 Rbxe8 23. Bxg5 a6 24. Rgg4 h3 25. Bxe7 Rxe7 26. Rg3 Ref7 27. Rag4 h2 28. Rh4 Rxf2 29. c4 Rf1+ 30. Ke2 h1=Q
0-1

[Event "EVERY START/ EVERY VARIANT- Numero XIII- SS"]
[Site "SchemingMind.com"]
[Date "2017.06.19"]
[Round "-"]
[White "j4orce"]
[Black "DANDYLIONHONEYBADGER"]
[Result "1-0"]
[WhiteCountry "USA"]
[BlackCountry "USA"]
[WhiteElo "1617"]
[WhiteRD "109"]
[BlackElo "1245"]
[BlackRD "99"]
[GameID "415144"]

1. e4 c5 2. b3 e5 3. Bb2 d6 4. Bc4 Bd7 5. Nc3 a6 6. Nf3 b5 7. Bd3 f6 8. Nh4 g6 9. O-O Ne7 10. f4 b4
11. Nd5 Nxd5 12. exd5 Bh6 13. a3 exf4 14. Bxg6+ hxg6 15. Nxg6 Rg8 16. Qh5
1-0

[Event "EVERY START/ EVERY VARIANT- Numero XIII- SS"]
[Site "SchemingMind.com"]
[Date "2017.06.19"]
[Round "-"]
[White "DANDYLIONHONEYBADGER"]
[Black "j4orce"]
[Result "0-1"]
[WhiteCountry "USA"]
[BlackCountry "USA"]
[WhiteElo "1239"]
[WhiteRD "81"]
[BlackElo "1624"]
[BlackRD "112"]
[GameID "415145"]

1. e4 c5 2. b3 Nc6 3. Ba3 e5 4. c3 Nf6 5. f3 d5 6. exd5 Qxd5 7. Bc4 Qd8 8. Ne2 Bf5 9. d3 Be7 10. Ng3 Bg6
11. b4 cxb4 12. cxb4 Nd4 13. Qa4+ Nd7 14. O-O O-O 15. Nc3 Nb6 16. Qd1 Nxc4 17. Nd5 Nxa3 18. Rb1 Nxb1 19. Nxe7+ Qxe7 20. Qxb1 Rac8
21. Ne4 Rc2 22. Rf2 Rxf2 23. Nxf2 Qg5 24. Kf1 Rc8 25. Nh3 Rc1+
0-1

[Event "EVERY START/ EVERY VARIANT- Numero XIII- SS"]
[Site "SchemingMind.com"]
[Date "2017.06.20"]
[Round "-"]
[White "surfnsuds"]
[Black "aliwood"]
[Result "1-0"]
[WhiteCountry "USA"]
[BlackCountry "ENG"]
[WhiteElo "1383"]
[WhiteRD "79"]
[BlackElo "1210"]
[BlackRD "70"]
[GameID "415171"]

1. e4 c5 2. b3 Nc6 3. Nf3 e6 4. Bb5 Nge7 5. Nc3 a6 6. Bd3 d6 7. Qe2 Nd4 8. Nxd4 cxd4 9. Na4 e5 10. Qf3 Ng6
11. Bc4 Be6 12. Bxe6 fxe6 13. d3 Qe7 14. Nb6 Rd8 15. Ba3 Nf4 16. Nc4 Qf6 17. g3 d5 18. Bxf8 Rxf8 19. Nb6 Rf7 20. c4 Rd6
21. Nc8 Rc6 22. exd5 Rxc8 23. d6 Rb8 24. c5 Nd5 25. Qe2 Nc3 26. Qd2 Nd5 27. O-O Kd7 28. Qa5 Nc3 29. Qc7+ Ke8 30. Qxb8+ Qd8
31. Qxd8+ Kxd8 32. Rac1 Ne2+ 33. Kg2 Nxc1 34. Rxc1 h5 35. h3 e4 36. Re1 e3 37. fxe3 e5 38. exd4 exd4 39. Re5 g6 40. a4 Kd7
41. b4 Kc6 42. Re6 Kd7 43. Rxg6 b6 44. g4 bxc5 45. bxc5 Rf8 46. gxh5 Rc8 47. Rg5
1-0

[Event "EVERY START/ EVERY VARIANT- Numero XIII- SS"]
[Site "SchemingMind.com"]
[Date "2017.06.20"]
[Round "-"]
[White "aliwood"]
[Black "surfnsuds"]
[Result "0-1"]
[WhiteCountry "ENG"]
[BlackCountry "USA"]
[WhiteElo "1184"]
[WhiteRD "73"]
[BlackElo "1404"]
[BlackRD "76"]
[GameID "415172"]

1. e4 c5 2. b3 Nc6 3. Nf3 e6 4. Bb2 f6 5. Be2 d5 6. d3 f5 7. exf5 exf5 8. O-O Nf6 9. c4 g5 10. Nxg5 Bh6
11. Nf3 f4 12. Qc2 d4 13. Nbd2 O-O 14. Ne4 Ng4 15. h3 Nge5 16. Nxe5 Nxe5 17. Ba3 f3 18. Bxc5 fxe2 19. Qxe2 Rf5 20. Nd6 Rg5
21. Nxc8 Qxc8 22. Bxd4 Qxh3 23. g3 Rh5 24. Qe4 Qh2#
0-1

[Event "EVERY START/ EVERY VARIANT- Numero XIII- SS"]
[Site "SchemingMind.com"]
[Date "2017.06.20"]
[Round "-"]
[White "aliwood"]
[Black "maro"]
[Result "0-1"]
[WhiteCountry "ENG"]
[BlackCountry "MEX"]
[WhiteElo "1184"]
[WhiteRD "73"]
[BlackElo "1397"]
[BlackRD "69"]
[GameID "415173"]

1. e4 c5 2. b3 Nc6 3. Nf3 d6 4. Bb2 e5 5. Be2 Nf6 6. O-O d5 7. exd5 Nxd5 8. Nc3 Be7 9. Nxd5 Qxd5 10. c4 Qd7
11. Nxe5 Nxe5 12. Bxe5 O-O 13. Bg3 f5 14. Bf4 Bf6 15. Rb1 b6 16. Bf3 Bb7 17. Bxb7 Qxb7 18. a4 g5 19. Bxg5 Bxg5 20. d3 Rf6
21. d4 Rd8 22. d5 Rh6 23. Re1 Qc7 24. Rb2 Qxh2+ 25. Kf1 Qh1+ 26. Ke2 Re8+ 27. Kd3 Rxe1
0-1

[Event "EVERY START/ EVERY VARIANT- Numero XIII- SS"]
[Site "SchemingMind.com"]
[Date "2017.06.20"]
[Round "-"]
[White "maro"]
[Black "aliwood"]
[Result "1-0"]
[WhiteCountry "MEX"]
[BlackCountry "ENG"]
[WhiteElo "1397"]
[WhiteRD "69"]
[BlackElo "1184"]
[BlackRD "73"]
[GameID "415174"]

1. e4 c5 2. b3 e5 3. Bb2 d6 4. Nf3 Nf6 5. d3 Be7 6. Nc3 O-O 7. Nd5 Nxd5 8. exd5 Nd7 9. c4 a6 10. Be2 Nf6
11. h3 b5 12. cxb5 axb5 13. O-O Nxd5 14. d4 cxd4 15. Bxb5 Ba6 16. Bxa6 Rxa6 17. Qd3 Ra5 18. Bc1 Nf4 19. Bxf4 exf4 20. b4 Rd5
21. a4 Qd7 22. b5 Bd8 23. Rfb1 Bf6 24. b6 Rc5 25. a5 Be5 26. b7 Rc3 27. Qe2 h6 28. b8=Q Rxb8 29. Rxb8+ Kh7 30. Nh4 Qc7
31. Qe4+ g6 32. Rab1 Qe7 33. Nxg6 Kg7 34. Nxf4 Qf6 35. Nh5#
1-0

[Event "EVERY START/ EVERY VARIANT- Numero XIII- SS"]
[Site "SchemingMind.com"]
[Date "2017.06.20"]
[Round "-"]
[White "aliwood"]
[Black "ray winteringham"]
[Result "1-0"]
[WhiteCountry "ENG"]
[BlackCountry "ENG"]
[WhiteElo "1184"]
[WhiteRD "73"]
[BlackElo "1468"]
[BlackRD "51"]
[GameID "415175"]

1. e4 c5 2. b3 Nc6 3. Bb2 f6 4. Nf3 e5 5. Be2 d6 6. O-O Be6 7. c3 g6 8. d4 b6 9. Nbd2 cxd4 10. cxd4 Bg7
11. d5 Bxd5 12. exd5 Nce7 13. Bb5+ Kf7 14. Ne4 f5 15. Neg5+ Kf6 16. Ne6 Qc8 17. Nxg7 Kxg7 18. Rc1 Qd8 19. Ng5 Nc8 20. Ne6+ Kf6
21. Nxd8 Nce7 22. Ne6 a6 23. Bd3 Nxd5 24. Nd4 Nge7 25. Ne2 Rhe8 26. f4 Rad8 27. fxe5+ dxe5 28. Re1 Nb4 29. Nd4 exd4 30. Be2 Nxa2
31. Rc4 Nc3 32. Bxc3 dxc3 33. Qc2 Nd5 34. Kf2 b5 35. Rc6+ Kg5 36. Qc1+ f4 37. g3 Re3 38. Rc5 Kh6 39. g4 g5 40. Rc6+ Kg7
41. Rxa6 Rde8 42. Ra2 b4 43. Qc2 f3 44. Bc4 Rxe1 45. Bxd5 R1e2+ 46. Qxe2 fxe2 47. Rxe2 Rxe2+ 48. Kxe2 Kf6 49. h3 Ke5 50. Bc4 Kf4
51. Be6 h6 52. Bf5 Kg3 53. Kd3 Kxh3 54. Kc4 Kg3 55. Kxb4 Kf4 56. Kxc3 h5 57. gxh5 Kxf5 58. b4= g4 59. h6 Kg6 60. Kd3 Kxh6
61. Ke2 Kh5 62. Kf2 Kh4 63. Kg2 g3 64. b5
1-0

[Event "EVERY START/ EVERY VARIANT- Numero XIII- SS"]
[Site "SchemingMind.com"]
[Date "2017.06.20"]
[Round "-"]
[White "ray winteringham"]
[Black "aliwood"]
[Result "1-0"]
[WhiteCountry "ENG"]
[BlackCountry "ENG"]
[WhiteElo "1468"]
[WhiteRD "51"]
[BlackElo "1184"]
[BlackRD "73"]
[GameID "415176"]

1. e4 c5 2. b3 Nc6 3. Bb2 e6 4. g3 Be7 5. Bg2 d6 6. Ne2 Nf6 7. d3 O-O 8. Nd2 Rb8 9. c4 a6 10. Qc2 Nd4
11. Bxd4 cxd4 12. Nxd4 Bd7 13. O-O-O Qc8 14. Kb2 Ng4 15. Rde1 Bf6 16. Nf3 e5 17. Ne2 Nxf2 18. Rhg1 d5 19. Nc3 d4 20. Nd5 Bd8
21. Qxf2 Re8 22. Rb1 b5 23. Rgc1 a5 24. cxb5 Qb7 25. a4 Rc8 26. Rc4 Be6 27. Rbc1 Rxc4 28. bxc4 f6 29. Nh4 Qf7 30. Bf3 g6
31. c5 f5 32. c6 fxe4 33. dxe4 Bxd5 34. Qc2 Bb3 35. Qxb3 Qxb3+ 36. Kxb3 Bc7 37. Rc5 Kf7 38. Bg4 Kf6 39. Bd7 Re7 40. Kc2 g5
41. Nf5 Rf7 42. h4 gxh4 43. gxh4 Bb6 44. Rd5 Rf8 45. Rd6+ Kf7 46. Be6+ Kg6 47. Bg8+ Kh5 48. Bxh7 Kg4 49. Bg8 Rxg8 50. Re6 Kf4
51. Nd6 Ke3 52. Rxe5 d3+ 53. Kb1 Kd4 54. Rg5 Bd8 55. Rxg8 Be7 56. Nf5+
1-0

[Event "EVERY START/ EVERY VARIANT- Numero XIII- SS"]
[Site "SchemingMind.com"]
[Date "2017.06.20"]
[Round "-"]
[White "aliwood"]
[Black "j4orce"]
[Result "0-1"]
[WhiteCountry "ENG"]
[BlackCountry "USA"]
[WhiteElo "1184"]
[WhiteRD "73"]
[BlackElo "1617"]
[BlackRD "109"]
[GameID "415177"]

1. e4 c5 2. b3 e5 3. Bb2 Nc6 4. Nf3 d6 5. Be2 Nf6 6. O-O Nxe4 7. d3 Ng5 8. Nxg5 Qxg5 9. Nd2 Bh3 10. Bf3 O-O-O
11. c3 d5 12. a3 f5 13. Qe2 Bd6 14. b4 c4 15. dxc4 e4 16. Nxe4 dxe4 17. Bxe4 fxe4 18. Qxe4 Bf5 19. Qf3 Rhf8 20. Bc1 Qh4
21. h3 Ne5 22. Qe3 Qxc4 23. Bb2 Nd3 24. Qe2 Bxh3 25. gxh3 Nxb2 26. Qxb2 Rf3 27. Rae1 Rxh3 28. Re3 Bh2+ 29. Kh1 Qxf1#
0-1